| 000 | 00634nam a2200217Ia 4500 | ||
|---|---|---|---|
| 003 | GCL | ||
| 008 | 140319s9999 xx 000 0 eng d | ||
| 020 | _a0805059601 | ||
| 040 |
_aGCL / _cGCL |
||
| 082 | 0 | 4 |
_a355.825119 _bS G |
| 100 | 1 | _aSCHELL, JONATHAN | |
| 245 | 1 | 0 |
_aTHE GIFT OF TIME : _bTHE CASE FOR ABOLISHING NUCLEAR WEAPONS NOW / _cSCHELL, JONATHAN |
| 260 |
_aنيويورك : _bMETROPOLITAN BOOKS ، _c1998 |
||
| 300 |
_a24 CM ؛ _c240 P |
||
| 650 | 0 | 4 | _aMILITARY |
| 650 | 0 | 4 | _aWEAPONS |
| 650 | 0 | 4 | _aUNITED STATES |
| 650 | 0 | 4 | _aNUCLEAR WEAPONS |
| 650 | 0 | 4 | _aNUCLEAR WEAPONS - UNITED STATES - HISTORY |
| 942 |
_2ddc _cBK |
||
| 999 |
_c4747 _d4747 |
||